000 00788nam a22001935i 4500
001 161161
003 ES-MaACL
005 20230906212215.0
008 981207s1878 gw |||| | ger d
040 _aCCPB | B
_bspa
_cCCPB | B
100 1 _aOtto, Emil.
_987950
245 1 0 _aGramática sucinta de la lengua alemana acompañada de numerosos Ejercicios de conversacion y de lectura para uso de los principiantes segun un método teórico y práctico /
_cpor Emilio Otto ; arreglada para españoles por Francisco Gaffino.
260 _aHeidelberg :
_bJulio Groos, Editor,
_c1878.
300 _aVII, 166 p. ;
_c20 cm.
650 4 _aLengua alemana-
_xGramática.
_914085
700 1 _aGaffino, Francisco.
_9127184
852 _aES-MaACL
_jD-1343
_z-- Enc. cartón
999 _c161161
_d161161